000 005280000a22002050004500
003 LK-CoMWRAF
005 20230913103236.0
008 230817t1996 ||||| |||| 00| 0 eng d
020 _a8171512070
040 _aLK-CoMWRAF
_dLK-CoMWRAF
_eLK-CoMWRAF
041 _aeng
082 _a297.122
_bHOL
245 _aThe Holy Qur'an (English Translation)
260 _bKitab Bhavan
_aNew Delhi
_c1996
300 _ap.623
650 _aQur'an
700 _aAll, Yusuf
_etrans.
700 _aEllyaste, M. A. H.
_etrans.
942 _cBK
999 _c1057
_d1057